| 000 | 00420 a2200145 4500 | ||
|---|---|---|---|
| 245 |
_aHow adults learn _hprint |
||
| 020 | _a0809618753 | ||
| 250 | _aRev., updated, completely rewritten. | ||
| 700 | _aKidd, J. R. (James Robbins) | ||
| 650 | _aliterature | ||
| 005 | 20191017172619.0 | ||
| 260 |
_anyu _bAssociation Press _c[1973] |
||
| 084 | _aLC5219 .K5 1973 | ||
| 300 |
_a318 p. 24 cm. _b318 p. 24 cm. _c318 p. 24 cm. |
||
| 500 | _a[by] J. R. Kidd. | ||
| 999 |
_c9131 _d9131 |
||